Los pies / (Record no. 20675)
[ view plain ]
| 000 -LEADER | |
|---|---|
| fixed length control field | 01019cam a22003138a 4500 |
| 001 - CONTROL NUMBER | |
| control field | 32625446 |
| 003 - CONTROL NUMBER IDENTIFIER | |
| control field | OCoLC |
| 005 - DATE AND TIME OF LATEST TRANSACTION | |
| control field | 20180420135639.0 |
| 008 - FIXED-LENGTH DATA ELEMENTS--GENERAL INFORMATION | |
| fixed length control field | 950512s1995 flu j 000 0 eng |
| 010 ## - LIBRARY OF CONGRESS CONTROL NUMBER | |
| LC control number | 95020190 /AC |
| 020 ## - INTERNATIONAL STANDARD BOOK NUMBER | |
| International Standard Book Number | 1571031146 |
| 020 ## - INTERNATIONAL STANDARD BOOK NUMBER | |
| International Standard Book Number | 9781571031143 |
| 040 ## - CATALOGING SOURCE | |
| Original cataloging agency | DLC |
| Transcribing agency | DLC |
| Modifying agency | JBO |
| -- | CNL |
| -- | CoBoFLC |
| 041 ## - LANGUAGE CODE | |
| Language code of text/sound track or separate title | spa |
| 050 00 - LIBRARY OF CONGRESS CALL NUMBER | |
| Classification number | QM549 |
| Item number | .J3618 1995 |
| 082 00 - DEWEY DECIMAL CLASSIFICATION NUMBER | |
| Classification number | 611/.98 |
| Edition number | 20 |
| 100 1# - MAIN ENTRY--PERSONAL NAME | |
| Personal name | James, Robert, |
| Dates associated with a name | 1942- |
| 240 10 - UNIFORM TITLE | |
| Uniform title | <a href="Feet.">Feet.</a> |
| Language of a work | Spanish. |
| 245 04 - TITLE STATEMENT | |
| Title | Los pies / |
| Statement of responsibility, etc. | por Robert James ; version en espanol de Aida E. Marcuse. |
| 260 ## - PUBLICATION, DISTRIBUTION, ETC. (IMPRINT) | |
| Place of publication, distribution, etc. | Vero Beach, Fla. : |
| Name of publisher, distributor, etc. | Rourke Book Co., |
| Date of publication, distribution, etc. | 1995. |
| 300 ## - PHYSICAL DESCRIPTION | |
| Extent | 24 p. : |
| Other physical details | col. ill. ; |
| Dimensions | 19 x 20 cm. |
| 490 1# - SERIES STATEMENT | |
| Series statement | El cuerpo humano. |
| 520 ## - SUMMARY, ETC. | |
| Summary, etc. | Describes the anatomy of human feet, explains how to care for the feet, and includes information on the feet of some animals. |
| 650 #0 - SUBJECT ADDED ENTRY--TOPICAL TERM | |
| Topical term or geographic name as entry element | Foot |
| Form subdivision | Juvenile literature. |
| 650 #1 - SUBJECT ADDED ENTRY--TOPICAL TERM | |
| Topical term or geographic name as entry element | Foot. |
| 655 #1 - INDEX TERM--GENRE/FORM | |
| Genre/form data or focus term | Spanish language materials. |
| 800 1# - SERIES ADDED ENTRY--PERSONAL NAME | |
| Personal name | James, Robert, |
| Dates associated with a name | 1942- |
| Title of a work | Cuerpo humano. |
| 942 ## - ADDED ENTRY ELEMENTS (KOHA) | |
| Koha item type | Libro/Book |
| Source of classification or shelving scheme | Dewey Decimal Classification |
| Withdrawn status | Lost status | Damaged status | Not for loan | Home library | Current library | Shelving location | Date acquired | Total Checkouts | Full call number | Barcode | Date last seen | Date checked out | Price effective from | Koha item type |
|---|---|---|---|---|---|---|---|---|---|---|---|---|---|---|
| Las Brisas 1 -- Satellite | Las Brisas 1 -- Satellite | Children's Area | 08/05/2014 | 4 | ESTANTES (ESPANOL) | 40001502 | 28/10/2017 | 21/10/2017 | 08/05/2014 | Libro/Book |